Quiz Un pays ... une question (9) - Statistiques

Statistiques générales
  • Ce quiz a été pris 17 fois
  • Le résultat moyen est 6 sur 20
Statistiques - réponses
Question Réponse % Correct
Qu'est ce qui est faux concernant l'Afrique-du-Sud ? Son animal "emblême" est l'autruche
69%
Comment se nomme le régime qui existe en Allemagne entre 1918 et le début du IIIe Reich ? La République de Weimar
63%
Dans quelle ville d'Italie peut-on voir le Ponte Vecchio ? Florence
50%
Quelle affirmation est fausse concernant le roi Philippe V d'Espagne ? il est le cousin germain de Louis XV
50%
L'Irak est un pays à majorité musulmane mais quelle est la tendance de l'Islam dominante ? Chiisme
44%
Qui est président des Etats-Unis quand le personnel de l'ambassade américaine de Téhéran est pris en otage pendant plus d'un an. Jimmy Carter
44%
A quel empire l'Afghanistan n'a jamais appartenu ? Rawalpindi
38%
Quelle ville d'Algérie n'est pas associée à son ancien nom français ? Colomb-Béchar - Beni Haoua
31%
L'état le plus septentrional de la Birmanie est le Kachin
31%
Quelle commune est le centre géographique de la France (hors Corse) ? Vesdun (18)
31%
En Turquie, les femme ont obtenu le droit de vote aux élections municipales en 1930
19%
Idi Amin Dada Oumee a dirigé l'Ouganda en dictateur de 1971 à 1979
19%
La Corée-du-Sud est séparée de la Corée-du-Nord par le *** parallèle 38e
19%
En Tanzanie, avec quel fruit fait-on de la "bière" ? Banane
19%
Qu'est ce qui n'est pas une spécialité culinaire colombienne ? le cumbal
19%
Quel roi de France a reçu un ambassadeur de l'actuelle Thaïlande venu proposer à la France ne alliance perpétuelle ? Louis XIV
19%
Le Soudan est le 1er producteur mondial de gomme arabique
13%
L'Argentine a sa plus courte frontière terrestre avec l'Uruguay
6%
En population, quelle est la 3e ville du Royaume-Uni ? Manchester
0%
Que signifie le mot Kiinyaa qui a donné son nom au pays ? montagne de l'autruche
0%
Aucun quiz correspondant
Distribution des résultats
% des personnes avec chaque résultat
Percentile par nombre de réponses
Votre historique - résultats
Vous n’avez pas pris ce quiz